000 00293nam a22001337a 4500
008 171018b xxu||||| |||| 00| 0 eng d
020 _a2901439042303
041 _aeng
080 _29TH
_a338
100 _a53
101 _aMEN
245 _aSTRATEGIC MANAGEMENT
_cHITT,M.A
942 _2udc
_cBK
999 _c34702
_d34702